Politickým stranám zdražie v Prešove nájomné

Bibliographic Details
Format: Article
Language:Slovak
ISSN:1335-4051
Subjects:

MARC

LEADER 00000nab a2200000 a 4500
001 vtls008955402
003 SK-MaSNL
005 20260304010212.0
008 070314c20070307xo ur| 0 0slo
038 |a RVGKPD 
040 |a RVGKPD  |b slo  |c RVGKPD  |e AACR2 
041 |a slo 
044 |a xo  |c SK 
080 |a 332.871.3  |2 1997 
080 |a 329  |x (437.6)  |2 1997 
245 0 0 |a Politickým stranám zdražie v Prešove nájomné  |c [autor] (ič) 
650 0 7 |a mestské byty  |2 rvgkpd  |9 1033320 
650 0 7 |a nebytové priestory  |2 rvgkpd  |9 73103 
650 0 7 |a politické strany  |2 rvgkpd  |9 3589 
650 0 7 |a nájomné  |2 rvgkpd  |9 1305 
651 7 |a Prešov (Slovensko)  |2 rvgkpd  |9 17347 
773 0 |t Pravda  |g Roč. XVII, č. 55 (7.3.2007), s. 4  |x 1335-4051 
852 |a RVGKPD  |b KIS3G 
992 |a RBX 
999 |c 2559700  |d 2561630